000
00224 a2200073 4500
245
0
_a
Obsługa stojaka radiofonicznego (Instr.Techn.) /
_c
.
710
2
_a
Instytut Łączności.
_e
Wydawca
_4
pbl
260
_a
Warszawa :
_b
IŁ,
_c
1953.
300
_a
2 s.;
_c
30 cm.
999
_c
14642
_d
14642